Noms de pays aléatoires en japonais - Statistiques

Statistiques générales
  • Ce quiz a été pris 767 fois
  • Le résultat moyen est 16 sur 20
Statistiques - réponses
Hint Réponse % Correct
アルメニア (Arumenia) Arménie
100%
バハマ (Bahama) Bahamas
100%
デンマーク (Denmāku) Danemark
100%
ガボン (Gabon) Gabon
100%
ガンビア (Ganbia) Gambie
100%
グアテマラ (Guatemara) Guatemala
100%
イラク (Iraku) Irak
100%
ケニア (Kenia) Kenya
100%
コソボ (Kosobo) Kosovo
100%
ウガンダ (Uganda) Ouganda
100%
パナマ (Panama) Panama
100%
パラグアイ (Paraguai) Paraguay
100%
フィリピン (Firipin) Philippines
100%
セネガル (Senegaru) Sénégal
100%
スウェーデン (Suu~ēden) Suède
100%
スイス (Suisu) Suisse
100%
スリナム (Surinamu) Suriname
100%
タンザニア (Tanzania) Tanzanie
100%
アンドラ (Andora) Andorre
97%
ブルネイ (Burunei) Brunei
97%
モロッコ (Morokko) Maroc
97%
パキスタン (Pakisutan) Pakistan
97%
ペルー (Perū) Pérou
97%
トーゴ (Tōgo) Togo
97%
アフガニスタン (Afuganisutan) Afghanistan
96%
ブルキナファソ (Burukinafaso) Burkina Faso
96%
カメルーン (Kamerūn) Cameroun
96%
エストニア (Esutonia) Estonie
96%
北マケドニア (Kita Makedonia) Macédoine du Nord
96%
マダガスカル (Madagasukaru) Madagascar
96%
オマーン (Omān) Oman
96%
ポルトガル (Porutogaru) Portugal
96%
ドミニカ共和国 (Dominikakyōwakoku) République dominicaine
96%
ルーマニア (Rūmania) Roumanie
96%
ロシア (Roshia) Russie
96%
セルビア (Serubia) Serbie
96%
ソマリア (Somaria) Somalie
96%
ウクライナ (Ukuraina) Ukraine
96%
ウルグアイ (Uruguai) Uruguay
96%
ベネズエラ (Benezuera) Venezuela
96%
アメリカ合衆国 (Amerikagasshūkoku) Etats-Unis
95%
フィンランド (Finrando) Finlande
95%
カザフスタン (Kazafusutan) Kazakhstan
95%
アルバニア (Arubania) Albanie
94%
ベナン (Benan) Bénin
94%
ブータン (Būtan) Bhoutan
94%
エチオピア (Echiopia) Ethiopie
94%
インド (Indo) Inde
94%
モナコ (Monako) Monaco
94%
モンゴル (Mongoru) Mongolie
94%
アンゴラ (Angora) Angola
93%
アゼルバイジャン (Azerubaijan) Azerbaïdjan
93%
バングラデシュ (Banguradeshu) Bangladesh
93%
カンボジア (Kanbojia) Cambodge
93%
インドネシア (Indoneshia) Indonésie
93%
イスラエル (Isuraeru) Israël
93%
ネパール (Nepāru) Népal
93%
スーダン (Sūdan) Soudan
93%
台湾 (Taiwan) Taïwan
93%
カナダ (Kanada) Canada
92%
ドミニカ (Dominika) Dominique
92%
イラン (Iran) Iran
92%
イタリア (Itaria) Italie
92%
ジャマイカ (Jamaika) Jamaïque
92%
モザンビーク (Mozanbīku) Mozambique
92%
ナイジェリア (Naijeria) Nigeria
92%
コンゴ共和国 (Kongokyōwakoku) République du Congo
92%
ルワンダ (Ruwanda) Rwanda
92%
サモア (Samoa) Samoa
92%
シンガポール (Shingapōru) Singapour
92%
タジキスタン (Tajikisutan) Tadjikistan
92%
ザンビア (Zanbia) Zambie
92%
サウジアラビア (Saujiarabia) Arabie saoudite
91%
ブルガリア (Burugaria) Bulgarie
91%
ブルンジ (Burunji) Burundi
91%
エジプト (Ejiputo) Egypte
91%
フィジー (Fijī) Fidji
91%
フランス (Furansu) France
91%
モンテネグロ (Monteneguro) Monténégro
91%
ナミビア (Namibia) Namibie
91%
エクアドル (Ekuadoru) Equateur
90%
エスワティニ (Esuwatini) Eswatini
90%
ハンガリー (Hangarī) Hongrie
90%
ソロモン諸島 (Soromon) Salomon
90%
シリア (Shiria) Syrie
90%
ガーナ (Gāna) Ghana
89%
パプアニューギニア (Papuanyūginia) Papouasie-Nouvelle-Guinée
89%
サンマリノ (Sanmarino) Saint-Marin
89%
東ティモール (Azuma timōru) Timor oriental
89%
トンガ (Tonga) Tonga
89%
トルクメニスタン (Torukumenisutan) Turkménistan
89%
ボスニア・ヘルツェゴビナ (Bosunia herutsu~egobina) Bosnie-Herzégovine
88%
コロンビア (Koronbia) Colombie
88%
ギニアビサウ (Giniabisau) Guinée-Bissau
88%
ポーランド (Pōrando) Pologne
88%
チリ (Chiri) Chili
87%
コンゴ民主共和国 (Kongominshukyōwakoku) République démocratique du Congo
87%
サントメ・プリンシペ (Santome purinshipe) Sao Tomé-et-Principe
86%
シエラレオネ (Shierareone) Sierra Leone
86%
スリランカ (Suriranka) Sri Lanka
86%
グレナダ (Gurenada) Grenade
85%
ニカラグア (Nikaragua) Nicaragua
85%
チェコ (Cheko) République tchèque
85%
南スーダン (Minami sūdan) Soudan du Sud
85%
チャド (Chado) Tchad
85%
モーリタニア (Mōritania) Mauritanie
84%
アンティグア・バーブーダ (Antigua bābūda) Antigua-et-Barbuda
83%
ニジェール (Nijēru) Niger
83%
ウズベキスタン (Uzubekisutan) Ouzbékistan
83%
タイ (Tai) Thaïlande
83%
トリニダード・トバゴ (Torinidādo tobago) Trinité-et-Tobago
83%
イエメン (Iemen) Yémen
83%
ジンバブエ (Jinbabue) Zimbabwe
83%
ボリビア (Boribia) Bolivie
82%
ボツワナ (Botsuwana) Botswana
81%
マリ (Mari) Mali
81%
日本 (Nihon) Japon
80%
カタール (Katāru) Qatar
80%
ミャンマー (Myanmā) Birmanie
79%
コモロ (Komoro) Comores
79%
コスタリカ (Kosutarika) Costa Rica
79%
キューバ (Kyūba) Cuba
79%
スペイン (Supein) Espagne
79%
ギニア (Ginia) Guinée
78%
レバノン (Rebanon) Liban
78%
メキシコ (Mekishiko) Mexique
78%
パラオ (Parao) Palaos
78%
ベラルーシ (Berarūshi) Biélorussie
76%
ホンジュラス (Honjurasu) Honduras
76%
レソト (Resoto) Lesotho
76%
ベルギー (Berugī) Belgique
75%
ベリーズ (Berīzu) Belize
75%
エリトリア (Eritoria) Erythrée
75%
ミクロネシア連邦 (Mikuroneshia renpō) Micronésie
74%
キリバス (Kiribasu) Kiribati
73%
ナウル (Nauru) Nauru
73%
アルゼンチン (Aruzenchin) Argentine
72%
バルバドス (Barubadosu) Barbade
72%
ジョージア (Jōjia) Géorgie
72%
ハイチ (Haichi) Haïti
72%
リトアニア (Ritoania) Lituanie
72%
アルジェリア (Arujeria) Algérie
70%
リベリア (Riberia) Libéria
70%
マラウイ (Maraui) Malawi
69%
バーレーン (Bārēn) Bahreïn
68%
ベトナム (Betonamu) Viêt Nam
68%
セントクリストファー・ネイビス (Sentokurisutofā neibisu) Saint-Christophe-et-Niévès
65%
スロバキア (Surobakia) Slovaquie
65%
マレーシア (Marēshia) Malaisie
64%
ノルウェー (Noruu~ē) Norvège
64%
スロベニア (Surobenia) Slovénie
64%
オーストリア (Ōsutoria) Autriche
63%
クロアチア (Kuroachia) Croatie
63%
セントビンセント・グレナディーン (Sentobinsento gurenadīn) Saint-Vincent-et-les-Grenadines
63%
ブラジル (Burajiru) Brésil
61%
キルギス (Kirugisu) Kirghizistan
61%
リビア (Ribia) Libye
61%
リヒテンシュタイン (Rihitenshutain) Liechtenstein
61%
カーボベルデ (Kāboberude) Cap-Vert
60%
ジブチ (Jibuchi) Djibouti
60%
アイルランド (Airurando) Irlande
60%
アイスランド (Aisurando) Islande
60%
セーシェル (Sēsheru) Seychelles
60%
チュニジア (Chunijia) Tunisie
59%
ギリシャ (Girisha) Grèce
58%
ガイアナ (Gaiana) Guyana
58%
ラオス (Raosu) Laos
58%
モルドバ (Morudoba) Moldavie
58%
ヨルダン (Yorudan) Jordanie
57%
マルタ (Maruta) Malte
57%
ラトビア (Ratobia) Lettonie
56%
オーストラリア (Ōsutoraria) Australie
54%
オランダ (Oranda) Pays-Bas
54%
トルコ (Toruko) Turquie
54%
モーリシャス (Mōrishashu) Île Maurice
52%
コートジボワール (Kōtojibowāru) Côte d'Ivoire
50%
モルディブ (Morudibu) Maldives
50%
バチカン (Bachikan) Vatican
50%
アラブ首長国連邦 (Arabushuchōkokurenpō) Emirats Arabes Unis
48%
中央アフリカ (Chūōafurika) République centrafricaine
45%
ドイツ (Doitsu) Allemagne
44%
中華人民共和国 (Chūkajinminkyōwakoku) Chine
43%
クウェート (Kuu~ēto) Koweït
41%
ルクセンブルク (Rukusenburuku) Luxembourg
41%
ニュージーランド (Nyūjīrando) Nouvelle-Zélande
41%
エルサルバドル (Erusarubadoru) Salvador
41%
バヌアツ (Banuatsu) Vanuatu
41%
マーシャル諸島 (Māsharu shotō) Îles Marshall
35%
連合王国 (Rengō ōkoku) Royaume-Uni
33%
キプロス (Kipurosu) Chypre
32%
南アフリカ共和国 (Minamiafurikakyōwakoku) Afrique du Sud
31%
きたちょうせん (Kitachōsen) Corée du Nord
28%
赤道ギニア (Sekidōginia) Guinée équatoriale
28%
大韓民国 (Daikanminkoku) Corée du Sud
24%
セントルシア (Sentorushia) Sainte-Lucie
13%
ツバル (Tsubaru) Tuvalu
11%
Aucun quiz correspondant
Distribution des résultats
% des personnes avec chaque résultat
Percentile par nombre de réponses
Votre historique - résultats
Vous n’avez pas pris ce quiz